000 00539nam a2200205Ia 4500
003 OSt
005 20220928151815.0
006 a|||||r|||| 00| 0
007 ta
008 220927b |||||||| |||| 00| 0 eng d
024 _a131647
037 _cTextual
040 _aSDCL
_cSDCL
_beng
041 _2eng
_aeng
082 _aO-,2J64,63:g, M1
100 _aSchmidgall Gary
_9518300
245 0 _aHakespeare and the courtly aesthetic
942 _hO-,2J64,63:g, M1
_cTEXL
_2CC
999 _c853142
_d853142